| 000 | nam a22 4500 | ||
|---|---|---|---|
| 999 |
_c9132 _d9132 |
||
| 008 | 180411b ||||| |||| 00| 0 eng d | ||
| 100 |
_927305 _aMateo, Janvic |
||
| 245 |
_aDepEd vows protection vs attacks on IP learners/ _cJanvic Mateo |
||
| 260 |
_aPhilippines _bThe Philippine Star _cc2017 |
||
| 300 | _apage 12. | ||
| 650 | 0 |
_927307 _aNative peoples. |
|
| 942 |
_2ddc _cPER |
||